| 000 | 00000nas 2200000za 4500 |
| 001 | 9.813990 |
| 003 | CaOODSP |
| 005 | 20221107141655 |
| 007 | cr ||||||||||| |
| 008 | 160330d19531963oncgr p o f000#a0eng|d |
| 022 | |y0317-7556 |
| 040 | |aCaOODSP|beng |
| 041 | |aeng|afre |
| 043 | |an-cn--- |
| 086 | 1 |aCS81-210-PDF |
| 086 | 1 |aCS81-401-PDF |
| 245 | 00|aSurvey of elementary and secondary education |h[electronic resource]. |
| 246 | 13|aRelevé de l'enseignement élémentaire et de l'enseignement secondaire|f1956/58 |
| 246 | 13|aRelevé de l'enseignement élémentaire et secondaire|f1959/60-1962/63 |
| 260 | |a[Ottawa] : |bDominion Bureau of Statistics, Education Division, |c[1952]-1966. |
| 310 | |aAnnual,|b(1958/59-1962/63) |
| 321 | |aBiennial,|b(1946/48-1956/58) |
| 362 | 0 |a1946/48-1962/63. |
| 500 | |aDigitized edition from print [produced by Statistics Canada]. |
| 515 | |aIssues for 1950/52 and 1952/54 published together. |
| 546 | |aText in English only, 1946/48-1954/56; text in English and French, 1956/58-1962/63. |
| 550 | |aIssued 1948/50-1962/63 by Elementary and Secondary Education Section. |
| 580 | |aA part of Survey of elementary and secondary education merged with: a part of Relevé de l'enseignement élémentaire et de l'enseignement secondaire; a part of Preliminary statistics of education; and, a part of Survey of higher education, to become: Survey of education finance, 1954/56. |
| 692 | 07|2gccst|aEducation |
| 710 | 1 |aCanada.|bDominion Bureau of Statistics.|bEducation Division. |
| 710 | 1 |aCanada.|bDominion Bureau of Statistics.|bElementary and Secondary Education Section. |
| 780 | 00|tElementary and secondary education in Canada |w(CaOODSP)9.818221 |
| 785 | 00|tSurvey of education finance |w(CaOODSP)9.812448 |
| 792 | |tSurvey of elementary and secondary education |efre|w(CaOODSP)9.813993 |